Culture Générale - Série 2424 - Statistiques

Statistiques générales
  • Ce quiz a été pris 129 fois
  • Le résultat moyen est 6 sur 10
Statistiques - réponses
Question Réponse % Correct
En quelle année les Japonais ont-ils attaqué la base navale américaine de Pearl Harbor ? 1941
90%
En quelle année le Président J.F Kennedy a-t-il été assassiné ? 1963
81%
Quelle équipe nationale de rugby a comme emblème le chardon ? Ecosse
78%
De qui sont ces vers "Demain, dès l'aube, à l'heure où blanchit la campagne, Je partirai. Vois-tu, je sais que tu m'attends. J'irai par la forêt, j'irai par la montagne" ? prénom et nom Victor Hugo
71%
Quelle découverte importante est attribuée à Alexander Fleming ? voir photo pénicilline
66%
A quel élément chimique correspond le symbole K ? potassium
61%
Quel est le héros du roman "Le rouge et le noir" de Stendhal ? prénom et nom Julien Sorel
58%
Dans quel pays se trouve le cosmodrome de Baïkonour ? Kazakhstan
48%
Dans quel pays se trouve l'île de Gorée ? Sénégal
37%
Quel est le créateur de la BD "Boule et Bill" ? Jean Roba
21%
Aucun quiz correspondant
Distribution des résultats
% des personnes avec chaque résultat
Percentile par nombre de réponses
Votre historique - résultats
Vous n’avez pas pris ce quiz